| 000 | 00673nam a2200217Ia 4500 | ||
|---|---|---|---|
| 003 | GCL | ||
| 008 | 140319s9999 xx 000 0 ara d | ||
| 040 |
_aGCL / _cGCL |
||
| 082 | 0 | 4 |
_a817.008 _bج ا |
| 100 | 1 | _aجروس برس | |
| 245 | 1 | 0 |
_aاحلى طرائف و نوادر جحا / _cجروس برس |
| 250 | _aالاولى | ||
| 260 |
_aبيروت : _bجروس برس ، _c1992 |
||
| 300 |
_a144 ص ؛ _c24 سم |
||
| 490 |
_aاحلى الطرائف والنوادر _v0 |
||
| 650 | 0 | 4 | _aالادب العربى |
| 650 | 0 | 4 | _aالاهاجى والفكاهات |
| 650 | 0 | 4 | _aالنوادرالعربية |
| 650 | 0 | 4 | _aالادب الشعبى |
| 942 |
_2ddc _cBK |
||
| 999 |
_c28570 _d28570 |
||